000
00346 a2200169 4500
001
187573
020
_a
978-85-260-1595-1
040
_c
Magnum
100
_a
França, Mary
240
1
0
_a
De cor em cor
_l
por
245
1
0
_a
De cor em cor
300
_a
20
362
0
_a
2011
440
1
_a
Global
697
_a
LITERATURA INFANTIL
942
_c
BK
999
_c
187573
_d
187573